<?xml version="1.0" encoding="UTF-8"?><?xml-stylesheet type="text/xsl" href="static/style.xsl"?><OAI-PMH xmlns="http://www.openarchives.org/OAI/2.0/" xmlns:xsi="http://www.w3.org/2001/XMLSchema-instance" xsi:schemaLocation="http://www.openarchives.org/OAI/2.0/ http://www.openarchives.org/OAI/2.0/OAI-PMH.xsd"><responseDate>2026-06-06T02:46:13Z</responseDate><request verb="GetRecord" identifier="oai:riuma.uma.es:10630/14575" metadataPrefix="marc">https://riuma.uma.es/rest/oai/request</request><GetRecord><record><header><identifier>oai:riuma.uma.es:10630/14575</identifier><datestamp>2026-02-03T12:10:12Z</datestamp><setSpec>com_10630_2254</setSpec><setSpec>col_10630_37959</setSpec></header><metadata><record xmlns="http://www.loc.gov/MARC21/slim" xmlns:dcterms="http://purl.org/dc/terms/" xmlns:doc="http://www.lyncode.com/xoai" xmlns:xsi="http://www.w3.org/2001/XMLSchema-instance" xsi:schemaLocation="http://www.loc.gov/MARC21/slim http://www.loc.gov/standards/marcxml/schema/MARC21slim.xsd">
   <leader>00925njm 22002777a 4500</leader>
   <datafield ind2=" " ind1=" " tag="042">
      <subfield code="a">dc</subfield>
   </datafield>
   <datafield ind2=" " ind1=" " tag="720">
      <subfield code="a">García-Pulido, Luis José</subfield>
      <subfield code="e">author</subfield>
   </datafield>
   <datafield ind2=" " ind1=" " tag="720">
      <subfield code="a">Ruiz-Jaramillo, Jonathan</subfield>
      <subfield code="e">author</subfield>
   </datafield>
   <datafield ind2=" " ind1=" " tag="720">
      <subfield code="a">Alba-Dorado, María Isabel</subfield>
      <subfield code="e">author</subfield>
   </datafield>
   <datafield ind2=" " ind1=" " tag="260">
      <subfield code="c">2017</subfield>
   </datafield>
   <datafield ind2=" " ind1=" " tag="520">
      <subfield code="a">The Islamic Nasrid kingdom of Granada occupied the mountainous areas of the southeastern area of the Iberian Peninsula, topographically protected by the Baetic mountain range. There, a natural border was established between the Nasrid kingdom and the Christian kingdom of Castile that lasted more than 250 years, from 1232 to 1492. To control this frontier and establish visual communication between it and the Nasrid centre at the Alhambra citadel, an extensive network of watchtowers and defensive towers was constructed. Many of them are still standing, scattered among the provinces of Granada, Malaga, Almeria and the eastern parts of Jaen, Cordoba and Cadiz.&#xd;
&#xd;
There exist studies of individual towers, but no comparative analysis has been undertaken of all of them from the perspective of the Nasrid kingdom of Granada itself. Graphic, homogenous and exhaustively planimetric documentation would bring together existing information on the majority of these examples and enable a deeper research. For this reason, this work conduct massive and systematic architectural surveys of all these military structures, using photogrammetry.&#xd;
&#xd;
In addition to studying the construction typology and techniques, the structural capacity of these towers is been analyzed. It examines how they have been affected by human and natural destructive forces, especially earthquakes, so common in eastern Andalusia. Althougt all the military architecture is protected by the Spanish Heritage law, many of these medieval towers and their cultural landscapes are in severe risk.&#xd;
&#xd;
The towers are been studied as individual exemplars (emphasizing their differences) and as a unit in a typological group (looking for similarities and unifying characteristics). New technologies for Information and Communication are being used in order to disseminate the results among specialists and to make them available to the general public. Guidelines for restoration projects are also being formulated from the cases analyzed.</subfield>
   </datafield>
   <datafield ind1="8" ind2=" " tag="024">
      <subfield code="a">Luis José García-Pulido, Jonathan Ruiz Jaramillo y Mª. Isabel Alba Dorado. “Heritage Survey and Scientific Analysis of the Watchtowers that Defended the Last Islamic Kingdom in the Iberian Peninsula (Thirteenth to Fifteenth Century)”. 26th International CIPA Symposium 2017, 28 August–01 September 2017, Ottawa, Canada</subfield>
   </datafield>
   <datafield ind1="8" ind2=" " tag="024">
      <subfield code="a">http://hdl.handle.net/10630/14575</subfield>
   </datafield>
   <datafield ind1="8" ind2=" " tag="024">
      <subfield code="a">http://orcid.org/0000-0002-2905-0656</subfield>
   </datafield>
   <datafield tag="653" ind2=" " ind1=" ">
      <subfield code="a">Patrimonio cultural</subfield>
   </datafield>
   <datafield ind2="0" ind1="0" tag="245">
      <subfield code="a">Póster: “Heritage Survey and Scientific Analysis of the Watchtowers that Defended the Last Islamic Kingdom in the Iberian Peninsula (Thirteenth to Fifteenth Century)”</subfield>
   </datafield>
</record>
</metadata></record></GetRecord></OAI-PMH>